000
00265cam a22001097a 4500
008
180718b1933 xxu||||| |||| 00| 0 eng d
082
_a
A38 R227
100
_a
Reade, Winwood
245
_a
Outcast
_c
by Winwood Reade
260
_a
London
_b
Watts
_c
1933
300
_a
119p.
999
_c
434282
_d
434282